|
|
|
|
| LEADER |
00000nab a2200000 a 4500 |
| 001 |
vtls000627770 |
| 003 |
SK-MaSNL |
| 005 |
20260318121608.0 |
| 008 |
160401c1997 xo 0 hun |
| 015 |
|
|
|a SNBRB19rr/mm-uuuuu
|
| 035 |
|
|
|a CL0627909
|
| 040 |
|
|
|a SNKBUCL
|b slo
|c SNKBUCL
|e AACR2
|
| 041 |
0 |
|
|a hun
|
| 044 |
|
|
|a xo
|c SK
|
| 080 |
|
|
|a 73/76:061.3
|2 1981
|
| 100 |
1 |
|
|a (hrd, fhg)
|4 aut
|9 1582166
|
| 245 |
1 |
0 |
|a Nem elég csak a lézersugár
|b Véget ért az átHIDalás című közép-európai képzőművészeti szimpózium
|c (hrd, fhg)
|
| 650 |
0 |
7 |
|a výtvarné umenie
|2 snkbucl
|9 723
|
| 651 |
|
7 |
|a Európa stredná
|2 snkbucl
|9 23970
|
| 655 |
|
7 |
|a články z novín a časopisov
|2 snkbucl
|9 267496
|
| 773 |
0 |
|
|t Új szó
|g Roč. 50, č. 125 (2. 6. 1997), s. 1
|
| 850 |
|
|
|a Slovenská národná knižnica v Martine
|a DSG001
|
| 852 |
|
|
|a SNK
|b KIS3GCP
|
| 958 |
|
|
|a HU
|
| 958 |
|
|
|a SK
|
| 958 |
|
|
|a RK
|
| 958 |
|
|
|a RBX
|
| 999 |
|
|
|c 3235521
|d 3237451
|